Malvinas en la escuela : Memoria, Soberanía y Democracia /
Guardado en:
| Autor Corporativo: | |
|---|---|
| Formato: | Libro |
| Idioma: | Undetermined |
| Publicado: |
Buenos Aires :
Ministerio de Educación de la Nación,
2022.
|
| Edición: | 1a ed. |
| Materias: | |
| Acceso en línea: | Clic aquí para acceder al libro en formato digital. |
| Etiquetas: |
Agregar Etiqueta
Sin Etiquetas, Sea el primero en etiquetar este registro!
|
| LEADER | 01798nam a22003015a 4500 | ||
|---|---|---|---|
| 001 | CEM.cems020708 | ||
| 008 | 231129s2022####ag#######b####000#0#und#d | ||
| 005 | 20231129150014.0 | ||
| 245 | 1 | 0 | |a Malvinas en la escuela : |b Memoria, Soberanía y Democracia / |c Ministerio de Educación de la Nación. |
| 250 | |a 1a ed. | ||
| 260 | |a Buenos Aires : |b Ministerio de Educación de la Nación, |c 2022. | ||
| 300 | |a 64 p. | ||
| 500 | |a Cuenta con una licencia Creative Commons por lo que se permite la reproducción total o parcial de este libro con expresa mención de sus autores. | ||
| 504 | |a Incluye actividades para trabajar en el aula. | ||
| 505 | 0 | |a ¿Por qué las Malvinas son argentinas? -- Argumentos geográficos, históricos y jurídicos -- ¿Qué fue la guerra de Malvinas? -- El contexto argentino en esos años -- 1982: la guerra -- El fin de la guerra -- Los combatientes de Malvinas -- ¿Cómo se recuerda a Malvinas en la escuela? -- La causa Malvinas y la sociedad -- Enseñar Malvinas a 40 años de la guerra | |
| 500 | |a Cuenta con una licencia Creative Commons por lo que se permite la reproducción total o parcial de este libro con expresa mención de sus autores. | ||
| 020 | |a 9789500015707 | ||
| 110 | 2 | |a Ministerio de Educación de la Nación. | |
| 653 | |a Islas Malvinas-Historia | ||
| 653 | |a Guerra de Malvinas | ||
| 653 | |a Malvinas-Enseñanza | ||
| 653 | |a Malvinas-Soberanía | ||
| 653 | |a Educación y memoria | ||
| 653 | |a Democracia | ||
| 653 | |a Material didáctico | ||
| 856 | |u https://www.educ.ar/recursos/158185/malvinas-en-la-escuela-memoria-soberania-y-democracia |y Clic aquí para acceder al libro en formato digital. | ||
| 859 | |a CEMS |b BIB. CEMS - 11 de abril |h 327.82 |i Ar37 |p 29655.23 |t Ej.1 | ||
| 859 | |a CEMS |b BIB. CEMS - 11 de abril |h 327.82 |i Ar37 |p 29836.23 |t Ej.2 | ||
